Представление документа в формате RUSMARC

ПолеНазваниеЗначение
  Тип записи a
  Библиографический уровень m
001 Контрольный номер RU/SLIB/B/208762651
005 Дата корректировки 20201206204224.3
010 Индекс ISBN __
d Цена 0-78
101 Язык документа __
a Язык текста rus
200 Заглавие и сведения об ответственности __
a Заглавие Рожденные бурей
f Первые сведения об ответственности Н. А. Островский
b Общее обозначение материала Текст
210 Выходные данные __
a Место издания М.
c Издательство Молодая гвардия
d Дата издания 1974
215 Физическое описание __
a Объем 367 с.
330 Аннотация __
a Аннотация В романе отражены события 1918-1919 годов. Это рассказ о том, как молодежь Украины боролась против польского фашизма.
461 Уровень набора __
1 2001
a Собрание сочинений
v Т. 2
606 Тематические рубрики __
a Основная рубрика Художественная литература
z Хронологическая подрубрика 1918 г.; 1919 г.; 20 в. нач.
606 Тематические рубрики __
a Основная рубрика Русская литература XX в. (произведения)
610 Ключевые слова __
a Ключевые слова писатели; проза; романы; тема фашизма
686 Индексы других классификаций __
a Классификационный индекс 84(2Рос=Рус)6-4
700 Автор _1
a Фамилия Островский
b Имя Н. А.
4 Код отношения 070
801 Источник записи _0
a Страна RU
b Организация Муниципальное бюджетное учреждение культуры "Централизованная библиотечная система" г. Сургут (Центральная городская библиотека им. А. С. Пушкина)
g Правила каталогизации КиК/Елгина
801 Источник записи _1
a Страна RU
b Организация Муниципальное бюджетное учреждение культуры "Централизованная библиотечная система" г. Сургут (Центральная городская библиотека им. А. С. Пушкина)
g Правила каталогизации КиК/Елгина
852 Данные о местонахождении __
j Шифр хранения 84(2Рос=Рус)6-4
i Авторский знак О-77
p Инвентарный номер 36102(с); 35170(с)
901 Тип документа __
t Тип документа m
990 Данные о заказе (DOS) __
j Количество экземпляров (DOS) 2
t N записи в КСУ для И/У (DOS) ретро